Statistics for Historical Figures by Letter

Click here to take the quiz!

General Stats

  • This quiz has been taken 119 times
    (99 since last reset)
  • The average score is 16 of 26

Answer Stats

LetterClueAnswer% Correct
NDiscovered gravitySir Isaac Newton
95%
WFounding father and first US PresidentGeorge Washington
95%
GNon-violent protester who led India to independenceMohandas Gandhi
94%
SCruel Soviet leader during World War IIJoseph Stalin
94%
AAncient Greek philosopherAristotle
94%
PSpanish painter and sculptor, considered one of the most influential in modern timesPablo Picasso
86%
OAuthor of dystopian novel "1984"George Orwell
84%
CLast ancient Egyptian pharaohCleopatra
82%
JProbably the greatest basketball player of all timeMichael Jordan
81%
KRuthless Mongolian emperorGenghis Khan
69%
BAmerican actor starring in films such as "The Godfather" and "On the Waterfront"Marlon Brando
69%
XMuslim American civil rights activistMalcolm X
67%
LConfederate army general during the US Civil WarRobert E. Lee
66%
TYoungest heavyweight boxing champion everMike Tyson
61%
IAustralian wildlife expertSteve Irwin
58%
ZLeader of a powerful kingdom in southern AfricaShaka Zulu
54%
HBabylonian king credited with writing the first written lawsHammurabi
51%
QVice President under George H. W. BushDan Quayle
46%
MRenaissance writer: "The end justifies the means."Niccolò Machiavelli
45%
FAmerican chess prodigyBobby Fischer
43%
YBeloved parody songwriter"Weird" Al Yankovic
39%
RFifth Israeli Prime Minister and winner of a Nobel PrizeYitzhak Rabin
33%
DFormer Yankees center fielder with a 56-game hitting streakJoe DiMaggio
30%
EFamous Swiss mathematicianLeonhard Euler
22%
UBaltimore Colts Hall-of-Fame quarterbackJohnny Unitas
17%
VBrazilian composer, singer, and guitaristCaetano Veloso
1%

Score Distribution

Percentile by Number Answered

Percent of People with Each Score

Your Score History

You have not taken this quiz since the last reset